<?xml version="1.0" encoding="UTF-8"?>
<record
    xmlns:xsi="http://www.w3.org/2001/XMLSchema-instance"
    xsi:schemaLocation="http://www.loc.gov/MARC21/slim http://www.loc.gov/standards/marcxml/schema/MARC21slim.xsd"
    xmlns="http://www.loc.gov/MARC21/slim">

  <leader>01943nam a22002297a 4500</leader>
  <controlfield tag="005">20260401140009.0</controlfield>
  <controlfield tag="008">260401b        |||||||| |||| 00| 0 eng d</controlfield>
  <datafield tag="020" ind1=" " ind2=" ">
    <subfield code="a">9789354668234</subfield>
  </datafield>
  <datafield tag="040" ind1=" " ind2=" ">
    <subfield code="c">AL</subfield>
  </datafield>
  <datafield tag="041" ind1=" " ind2=" ">
    <subfield code="a">eng</subfield>
  </datafield>
  <datafield tag="082" ind1=" " ind2=" ">
    <subfield code="a">333.79</subfield>
    <subfield code="b">JAIE</subfield>
  </datafield>
  <datafield tag="100" ind1=" " ind2=" ">
    <subfield code="a">Rakesh Jain</subfield>
    <subfield code="9">259992</subfield>
  </datafield>
  <datafield tag="245" ind1=" " ind2=" ">
    <subfield code="a">Energy and environment management</subfield>
  </datafield>
  <datafield tag="260" ind1=" " ind2=" ">
    <subfield code="a">New Delhi</subfield>
    <subfield code="b">CBS Publishers and Distributors Pvt Ltd</subfield>
    <subfield code="c">2024</subfield>
  </datafield>
  <datafield tag="300" ind1=" " ind2=" ">
    <subfield code="a">vii,182p</subfield>
    <subfield code="b">PB</subfield>
    <subfield code="c">24x17cm</subfield>
  </datafield>
  <datafield tag="365" ind1=" " ind2=" ">
    <subfield code="2">General</subfield>
    <subfield code="a">VBI-2645</subfield>
    <subfield code="b">&#x20B9;296.25</subfield>
    <subfield code="c">&#x20B9;</subfield>
    <subfield code="d">&#x20B9;395.00</subfield>
    <subfield code="e">25%</subfield>
    <subfield code="f">20-02-2026</subfield>
  </datafield>
  <datafield tag="520" ind1=" " ind2=" ">
    <subfield code="a">This is a useful resource for the students, practicing engineers, managers and other professionals for getting an insight into energy and environment management which are becoming increasingly important. Energy is essential for survival of the civilization and development of nations. Expenses on energy can be easily monitored to improve profitability.
It is difficult to find a single book on energy and environment management. One of the authors carried out energy and environmental audits for five years. His experience on energy and environmental issues of an oil refinery for ISO 9000 and ISO 14000 certifications helped him in providing over 63 true case studies. Hands-on energy audit, environmental audit, eight years in complex process industry, and a doctorate in communications and feedback skills helped him to cover the above interestingly in this book. He has written seven books and prepared courses on Udemy, world's best online training platform.
The combined knowledge of both the authors, besides their long experience in industry, energy and environmental audits, has added a great value to this book. Their experience of teaching the above subjects in a reputed university has contributed in making this book extremely useful to the reader</subfield>
  </datafield>
  <datafield tag="650" ind1=" " ind2=" ">
    <subfield code="a">Machine and Equipment</subfield>
    <subfield code="9">259993</subfield>
  </datafield>
  <datafield tag="650" ind1=" " ind2=" ">
    <subfield code="a">Audit Case Studies</subfield>
    <subfield code="9">259994</subfield>
  </datafield>
  <datafield tag="700" ind1=" " ind2=" ">
    <subfield code="a">Gupta, Arvind</subfield>
    <subfield code="9">259995</subfield>
  </datafield>
  <datafield tag="942" ind1=" " ind2=" ">
    <subfield code="2">ddc</subfield>
    <subfield code="c">BK</subfield>
  </datafield>
  <datafield tag="999" ind1=" " ind2=" ">
    <subfield code="c">241101</subfield>
    <subfield code="d">241101</subfield>
  </datafield>
  <datafield tag="952" ind1=" " ind2=" ">
    <subfield code="0">0</subfield>
    <subfield code="1">0</subfield>
    <subfield code="2">ddc</subfield>
    <subfield code="4">0</subfield>
    <subfield code="7">0</subfield>
    <subfield code="8">GEN</subfield>
    <subfield code="a">SE</subfield>
    <subfield code="b">SE</subfield>
    <subfield code="d">2026-03-27</subfield>
    <subfield code="e">Vidyarthi Books, Bengaluru-560076</subfield>
    <subfield code="g">296.25</subfield>
    <subfield code="l">0</subfield>
    <subfield code="o">333.79 JAIE</subfield>
    <subfield code="p">SE000392</subfield>
    <subfield code="r">2026-04-01 14:03:50</subfield>
    <subfield code="v">395.00</subfield>
    <subfield code="w">2026-02-20</subfield>
    <subfield code="y">BK</subfield>
  </datafield>
</record>
